[Event "Split Open"]
[Site "Split CRO"]
[Date "2011.08.11"]
[Round "7.7"]
[White "Djurovic,G"]
[Black "Teran Alvarez,I"]
[Result "1-0"]
[WhiteElo "2328"]
[BlackElo "2437"]

1.e4 e6 2.d4 d5 3.Nc3 Nf6 4.e5 Nfd7 5.f4 c5 6.Nf3 Nc6 7.Be3 Be7 8.Qd2 O-O
9.Be2 b6 10.Nd1 a5 11.Nf2 f6 12.exf6 Nxf6 13.Rd1 Ne4 14.Nxe4 dxe4 15.dxc5 exf3
16.Bxf3 Qe8 17.cxb6 Ba6 18.Qd7 Nb4 19.Kf2 Rd8 20.Qxe6+ Kh8 21.Rxd8 Qxd8 22.Rd1 Qe8
23.Qe4 Bb5 24.b7 Bc6 25.b8=Q Qxb8 26.Qxe7 Re8 27.Qd6 Qc8 28.Bxc6 Nxc6 29.Qd7 Qa8
30.Rd6 Nb4 31.Bd4 Rg8 32.Qe7 Nd5  1-0

[Event "6th Ptuj Open"]
[Site "Ptuj SLO"]
[Date "2011.08.13"]
[Round "2"]
[White "Skvorc,Emanuel"]
[Black "Majcenovic,M"]
[Result "0-1"]
[WhiteElo "1780"]
[BlackElo "2019"]

1.e4 e6 2.d4 d5 3.Nc3 Nf6 4.e5 Nfd7 5.f4 c5 6.Nf3 Nc6 7.Be3 cxd4 8.Nxd4 Nxd4
9.Bxd4 a6 10.Be2 Bc5 11.Qd2 b5 12.O-O Qb6 13.Rad1 O-O 14.Kh1 Bxd4 15.Qxd4 Qxd4
16.Rxd4 Bb7 17.Bg4 g6 18.a4 Bc6 19.Be2 Rfb8 20.axb5 axb5 21.Rb4 Ra5 22.Nb1 Ra4
23.Rb3 Nc5 24.Rc3 Rc4 25.Bxc4 bxc4 26.b3 Ne4 27.Rh3 Bb5 28.Nc3 cxb3 29.Nxb5 Rxb5
30.Rxb3 Rc5 31.Rb2 h5 32.g3 Kg7 33.Kg2 Nd2 34.Ra1 Rc7 35.Ra8 f6 36.Rab8 fxe5
37.fxe5 Kh6 38.h4 Ne4 39.R2b7 Rxc2+ 40.Kf3 g5 41.Rh8+ Kg6 42.Rg8+ Kf5 43.Rf7+ Kxe5
44.Rxg5+ Nxg5+ 45.hxg5 Rc3+ 46.Kf2 Rc8 47.g6 Rg8 48.g7 Kd4 49.Kf3 e5 50.Re7 e4+
51.Kf4 Kd3 52.Re5 d4 53.Rxe4 Rxg7 54.Re5 Rf7+ 55.Kg5 Rg7+ 56.Kxh5 Rxg3 57.Kh4 Rg8
58.Rd5 Ke4 59.Rd7 d3 60.Re7+ Kf4 61.Rf7+ Ke3 62.Re7+ Kd2 63.Rd7 Ke2 64.Re7+ Kd1
65.Rd7 d2 66.Kh3 Rc8  0-1

[Event "CECLUB Div2 Gp2"]
[Site "Totana ESP"]
[Date "2011.08.13"]
[Round "5"]
[White "Cabrera,Ale"]
[Black "Anton Guijarro,D"]
[Result "1/2-1/2"]
[WhiteElo "2530"]
[BlackElo "2473"]

1.e4 e6 2.d4 d5 3.Nc3 Nf6 4.e5 Nfd7 5.f4 c5 6.Nf3 Nc6 7.Be3 cxd4 8.Nxd4 Bc5
9.Qd2 O-O 10.O-O-O a6 11.Qf2 Nxd4 12.Bxd4 b6 13.g3 Bb7 14.Bg2 Rc8 15.Rhe1 b5
16.Kb1 Qa5 17.Bxc5 Nxc5 18.Ne2 b4 19.Nd4 Ne4 20.Qe3 Qc7 21.Rc1 Rfd8 22.Nb3 Nc5
23.Nd4 Ne4 24.Bxe4 dxe4 25.c4 bxc3 26.Rxc3 Qa5 27.Rxc8 Rxc8 28.Nb3 Qb4 29.Rc1 Rxc1+
30.Nxc1 Bd5 31.b3 h6 32.Kb2 a5 33.a3 Qb5 34.Kc2 Qf1 35.h4 Qg2+ 36.Kc3 Qf1
37.Kd2 Qb5 38.Ke1 Qb7 39.Qc3 Qb6 40.b4 axb4 41.axb4 Qg1+ 42.Kd2 Qf1 43.Ne2 Qb1
44.Ke3 Bb7 45.Nc1 Ba6 46.Kd4 Bb5 47.Kc5 Bd3 48.Kd4 Bb5 49.g4 g6 50.Kc5 Bd3
51.Kd6 Bc2 52.Ne2 e3 53.Ke7 Kg7 54.Nd4 Be4 55.f5 gxf5 56.gxf5 Bxf5 57.Nxf5+ Qxf5
58.Qxe3 Qg4 59.Qe1 Qg2 60.Kd6 Qd5+ 61.Kc7 Qc4+ 62.Kb6 Qd4+ 63.Ka6 f5 64.b5 Qa4+
65.Kb6 f4 66.Qg1+ Kf7 67.h5 Qe4 68.Qc5 Qe3 69.Kc6 Qxc5+ 70.Kxc5 f3 71.b6 f2
72.b7 f1=Q 73.b8=Q Qf2+ 74.Kd6 Qd4+ 75.Kc6 Qd5+ 76.Kb6 Qd4+ 77.Kb7 Qd5+ 78.Kc8 Ke8
79.Kc7+ Kf7 80.Kc8 Ke8 81.Qd6 Qa8+ 82.Kc7 Qa7+ 83.Kc6 Qa6+ 84.Kc5 Qa3+ 85.Kc6 Qa6+
86.Kc7 Qa7+ 87.Kc6 Qa6+ 88.Kc5 Qa3+ 89.Kd4 Qxd6+ 90.exd6 Kd8 91.Ke4 Ke8 92.Kd4 Kd8
93.Kc4 Kd7 94.Kc5 e5 95.Kd5 e4 96.Kxe4 Kxd6 97.Kf5 Ke7 98.Kg6 Kf8 99.Kxh6 Kg8
100.Kg6 Kh8 101.h6 Kg8 102.h7+ Kh8 103.Kf7 Kxh7  1/2-1/2

[Event "50th World Juniors"]
[Site "Chennai IND"]
[Date "2011.08.14"]
[Round "12.46"]
[White "Aaron,D"]
[Black "Karma,P"]
[Result "1-0"]
[WhiteElo "2288"]
[BlackElo "2136"]

1.e4 e6 2.d4 d5 3.Nc3 Nf6 4.e5 Nfd7 5.f4 c5 6.Nf3 Nc6 7.Be3 a6 8.Qd2 cxd4
9.Nxd4 Bc5 10.O-O-O O-O 11.h4 Nxd4 12.Bxd4 b5 13.Rh3 Qc7 14.Rg3 b4 15.Nxd5 exd5
16.e6 Bxd4 17.Qxd4 Nf6 18.Qxf6 fxe6 19.Qe5 Qxe5 20.fxe5 Rf4 21.h5 a5 22.h6 g6
23.Rf3 Rxf3 24.gxf3 Kf7 25.Rd4 Bd7 26.Rf4+ Ke7 27.Kd2 Rb8 28.c3 bxc3+ 29.Kxc3 Rb5
30.Kd2 Rc5 31.Rd4 Rc8 32.Bd3 Rf8 33.Ke3 Re8 34.Kd2 Rf8 35.f4 Rg8 36.b4 axb4
37.Rxb4 g5 38.Bxh7 Rh8 39.fxg5 Rxh7 40.Rb7 Kd8 41.a4 Rh8 42.a5 Kc8 43.a6 Rh7
44.Rxd7 Kxd7 45.a7 Rh8 46.g6 Rxh6 47.g7  1-0

[Event "27th Geraadsbergen Open"]
[Site "Geraadsbergen BEL"]
[Date "2011.08.14"]
[Round "8.14"]
[White "Legemaat,Gerrit"]
[Black "Achtergaele,K"]
[Result "0-1"]
[WhiteElo "1942"]
[BlackElo "2025"]

1.e4 e6 2.d4 d5 3.Nc3 Nf6 4.e5 Nfd7 5.f4 c5 6.Nf3 Nc6 7.Be3 Be7 8.Qd2 O-O
9.Ne2 b5 10.c3 b4 11.Kf2 Ba6 12.Ng3 Bxf1 13.Rhxf1 Na5 14.b3 bxc3 15.Qxc3 Rc8
16.Rfc1 cxd4 17.Qxd4 Bc5 18.Qd2 Bxe3+ 19.Qxe3 Qb6 20.Qxb6 axb6 21.Nd4 g5
22.Ke3 gxf4+ 23.Kxf4 f6 24.Rxc8 fxe5+ 25.Kg5 Rxc8 26.Nxe6 Kf7 27.Kf5 h6 28.Nh5 Nc6
29.Neg7 Nd4+ 30.Kg4 Kg6 31.h4 Nc2 32.Rb1 Rc3 33.g3 Ne3+ 34.Kh3 d4 35.Re1 Nc5
36.Re2 Rc2 37.Rxc2 Nxc2 38.g4 d3 39.Nf5 d2 40.Ne7+ Kf7 41.Nc6 d1=Q  0-1

[Event "PK NBSB Open A"]
[Site "Roosendaal NED"]
[Date "2011.08.19"]
[Round "1"]
[White "Olthof,R"]
[Black "Van Dooren,D"]
[Result "1-0"]
[WhiteElo "2186"]
[BlackElo "2290"]

1.e4 e6 2.d4 d5 3.Nc3 Nf6 4.e5 Nfd7 5.f4 c5 6.Nf3 Nc6 7.Be3 a6 8.Qd2 cxd4
9.Nxd4 Nxd4 10.Bxd4 b5 11.Bd3 Qc7 12.O-O g6 13.Kh1 b4 14.Na4 Qc6 15.b3 a5
16.f5 gxf5 17.g4 Rg8 18.gxf5 Rg4 19.Qf2 Bb7 20.fxe6 fxe6 21.h3 Rxd4 22.Qxd4 Bg7
23.Rae1 Nxe5 24.Nc5 O-O-O 25.Nxb7 Kxb7 26.Rxe5 Qc7 27.Ba6+ Ka8 28.Rfe1 Qf7
29.Bf1 Rg8 30.Bg2 Qg6 31.Bxd5+ exd5 32.Qxd5+ Kb8 33.Qxg8+  1-0

[Event "Botvinnik 100th Open"]
[Site "St Petersburg RUS"]
[Date "2011.08.20"]
[Round "9"]
[White "Semenova,Ir"]
[Black "Emdin,M"]
[Result "1/2-1/2"]
[WhiteElo "2241"]
[BlackElo "2068"]

1.e4 e6 2.d4 d5 3.Nc3 Nf6 4.e5 Nfd7 5.f4 c5 6.Nf3 a6 7.Be3 Qb6 8.a3 Qa7 9.Qd2 Nc6
10.h4 cxd4 11.Nxd4 Nxd4 12.Bxd4 Bc5 13.Ne2 b5 14.h5 Bb7 15.h6 g6 16.O-O-O O-O-O
17.Rh3 Kb8 18.Kb1 Rc8 19.Bc3 Bb6 20.Ba5 Nc5 21.Bxb6 Qxb6 22.Nd4 Ne4 23.Qe1 Rc7
24.Rf3 Rg8 25.Qb4 Rgc8 26.a4 Ka7 27.a5 Qc5 28.Qxc5+ Nxc5 29.c3 Re7 30.Re1 Ne4  1/2-1/2

[Event "Brasschaat Masters"]
[Site "Brasschaat BEL"]
[Date "2011.08.21"]
[Round "2.5"]
[White "De Schampheleire,G"]
[Black "Hovhanisian,M"]
[Result "1/2-1/2"]
[WhiteElo "2263"]
[BlackElo "2479"]

1.e4 e6 2.d4 d5 3.Nc3 Nf6 4.e5 Nfd7 5.f4 c5 6.Nf3 Nc6 7.Be3 cxd4 8.Nxd4 Bc5
9.Qd2 Nxd4 10.Bxd4 Bxd4 11.Qxd4 Qb6 12.Nb5 Qxd4 13.Nxd4 Nc5 14.Be2 Bd7 15.O-O-O h5
16.Rhf1 g6 17.g3 Ke7 18.Rf3 a6 19.h3 Rac8 20.g4 hxg4 21.hxg4 Rh2 22.Rff1 Ne4
23.Rh1 Rch8 24.Bf3 Rxh1 25.Rxh1 Rxh1+ 26.Bxh1 Nf2 27.Bf3 Nh3 28.f5 gxf5 29.gxf5 exf5
30.Bxd5 Bc8 31.Kd2 Nf4 32.c4 Ng6 33.Nf3 f6 34.exf6+ Kxf6 35.b4 Ne7 36.Ke3 b5  1/2-1/2

[Event "10th Neumarkt am Wallersee Open"]
[Site "Neumarkt am Wallersee GER"]
[Date "2011.08.21"]
[Round "2"]
[White "Frank,Jeremias"]
[Black "Strater,H"]
[Result "1/2-1/2"]
[WhiteElo "1839"]
[BlackElo "2060"]

1.e4 e6 2.d4 d5 3.Nc3 Nf6 4.e5 Nfd7 5.f4 c5 6.Nf3 Nc6 7.Be3 f6 8.dxc5 Bxc5
9.Bxc5 Nxc5 10.exf6 Qxf6 11.g3 O-O 12.Bg2 d4 13.Nb5 e5 14.fxe5 Nxe5 15.O-O d3
16.Nxe5 Qxe5 17.Rxf8+ Kxf8 18.Qf3+ Kg8 19.cxd3 Qf5 20.Qd5+ Be6 21.Qxf5 Bxf5
22.Nd6 Bxd3 23.Nxb7 Nxb7 24.Bxb7  1/2-1/2

[Event "26th Universiade Men"]
[Site "Shenzhen CHN"]
[Date "2011.08.21"]
[Round "9"]
[White "Li Chao2"]
[Black "Vovk,Y"]
[Result "1-0"]
[WhiteElo "2669"]
[BlackElo "2564"]

1.e4 e6 2.d4 d5 3.Nc3 Nf6 4.e5 Nfd7 5.f4 c5 6.Nf3 Nc6 7.Be3 a6 8.Qd2 b5 9.dxc5 Bxc5
10.Bd3 d4 11.Nxd4 Nxd4 12.Be4 Qb6 13.Bxa8 Nf3+ 14.Bxf3 Bxe3 15.Qd6 Bxf4 16.Qxb6 Nxb6
17.Ne4 Ke7 18.Nc5 Bxe5 19.O-O-O h5 20.a3 g5 21.Nd3 Bc7 22.h3 h4 23.Rhe1 f5
24.Nc5 Bd6 25.Nd3 Kf6 26.Re2 e5 27.Rf1 Re8 28.Bc6 Re7 29.Nb4 Ke6 30.Ref2 Bxb4
31.axb4 Kd6 32.Bf3 e4 33.Bh5 e3 34.Re2 f4 35.Rd1+ Ke5 36.Rd8 Be6 37.Bf3 Nd5
38.Re1 Nxb4 39.Red1 Bf5 40.R1d4 a5 41.c3 Na2+ 42.Kd1 Be6 43.Bd5 b4 44.Re4+ Kf5
45.Rf8+  1-0

[Event "10th Neumarkt am Wallersee Open"]
[Site "Neumarkt am Wallersee GER"]
[Date "2011.08.22"]
[Round "3"]
[White "Seelinger,L"]
[Black "Hinteregger,A"]
[Result "1/2-1/2"]
[WhiteElo "2237"]
[BlackElo "2188"]

1.e4 e6 2.d4 d5 3.Nc3 Nf6 4.e5 Nfd7 5.f4 c5 6.Nf3 Nc6 7.Be3 a6 8.Qd2 b5 9.a3 Qb6
10.Ne2 a5 11.c3 c4 12.g4 Be7 13.Bh3 Rb8 14.f5 Nf8 15.Nf4 b4 16.axb4 axb4
17.O-O Na5 18.Qf2 Nb3 19.Ra2 Rb7 20.Nh5 Rg8 21.Nxg7+ Rxg7 22.f6 Bxf6 23.exf6 Rg8
24.Ne5 Ng6 25.g5 bxc3 26.bxc3 Ra7 27.Nxc4 dxc4 28.d5 Rxa2 29.Bxb6 Rxf2 30.Rxf2 Nf8
31.Be3 Kd7 32.Ra2 Kd6 33.Ra8 Nd7 34.dxe6 fxe6 35.Bf4+ e5 36.Be3 Rf8 37.Bf1 Bb7
38.Rxf8 Nxf8 39.Bxc4 Bd5 40.Bb5 Na5 41.h4 Bf7 42.Be2 Nc4 43.Bc1 e4 44.Kf2 Ke5
45.Kg3 Nd6 46.Bf4+ Kd5 47.h5 Nf5+ 48.Kh3 Ne6 49.Bc1 e3 50.Kg4 Bxh5+ 51.Kxh5 Ng3+
52.Kh6 Nxe2 53.Bxe3 Nxc3 54.Kxh7 Ne4 55.Kh6 N6xg5 56.Bxg5 Nxf6  1/2-1/2

[Event "1st Isthmia Open"]
[Site "Vrachati GRE"]
[Date "2011.08.25"]
[Round "9.4"]
[White "Svetushkin,D"]
[Black "Del Rio de Angelis,S"]
[Result "0-1"]
[WhiteElo "2576"]
[BlackElo "2509"]

1.e4 e6 2.d4 d5 3.Nc3 Nf6 4.e5 Nfd7 5.f4 c5 6.Nf3 Nc6 7.Be3 cxd4 8.Nxd4 Bc5
9.Qd2 O-O 10.g3 a6 11.Bg2 Nxd4 12.Bxd4 b5 13.O-O b4 14.Ne2 a5 15.Bxc5 Nxc5
16.Nd4 Qb6 17.Qe3 Ba6 18.Rfd1 Rac8 19.h4 Nd7 20.a3 bxa3 21.Qxa3 Nb8 22.c3 Nc6
23.Kh2 Nxd4 24.Rxd4 Bc4 25.Re1 Rb8 26.Rd2 Rfd8 27.Qe7 h6 28.h5 Rb7 29.Qa3 Rdb8
30.g4 Qd8 31.Kg3 Rb3 32.Qa1 Qb6 33.Bf3 Rxb2 34.Rxb2 Qxb2 35.Qxb2 Rxb2 36.Ra1 Rb5
37.g5 Bb3 38.g6 a4 39.Bd1 Rb8 40.f5 exf5 41.Kf4 fxg6 42.hxg6 Kf8 43.Kxf5 Ke7
44.e6 Rf8+ 45.Ke5 Rf1  0-1

[Event "10th Neumarkt am Wallersee Open"]
[Site "Neumarkt am Wallersee GER"]
[Date "2011.08.26"]
[Round "7"]
[White "Seelinger,L"]
[Black "Usleber,H"]
[Result "1/2-1/2"]
[WhiteElo "2237"]
[BlackElo "2042"]

1.e4 e6 2.d4 d5 3.Nc3 Nf6 4.e5 Nfd7 5.f4 c5 6.Nf3 Nc6 7.Be3 cxd4 8.Nxd4 Bc5
9.Qd2 O-O 10.O-O-O Nxd4 11.Bxd4 a6 12.h4 b5 13.h5 b4 14.Na4 Bxd4 15.Qxd4 a5
16.Kb1 Qc7 17.Rh3 Ba6 18.c4 Rac8 19.b3 Rfd8 20.cxd5 Qc2+ 21.Ka1 Bxf1 22.Rxf1 Qxg2
23.Rhf3 Rc2  1/2-1/2

[Event "3rd Senica Open"]
[Site "Senica SVK"]
[Date "2011.08.26"]
[Round "7.21"]
[White "Adamciak,Tomas"]
[Black "Olvecky,Jaroslav"]
[Result "1/2-1/2"]
[WhiteElo "1737"]
[BlackElo "1865"]

1.e4 e6 2.d4 d5 3.Nc3 Nf6 4.e5 Nfd7 5.Nf3 Be7 6.Be3 b6 7.g3 Ba6 8.Bxa6 Nxa6
9.Ne2 c5 10.c3 Nc7 11.O-O O-O 12.Nd2 f6 13.f4 c4 14.Rc1 b5 15.b3 f5 16.b4 a5
17.a3 Nb6 18.Ra1 Qd7 19.Qc2 Ra6 20.Ra2 Rfa8 21.Rfa1 Qe8 22.Nf3 R8a7 23.Bd2 Qa8
24.Nc1 axb4 25.axb4 Rxa2 26.Rxa2 Rxa2 27.Qxa2 Qa4 28.Qxa4 Nxa4 29.Kf2 h6
30.h4 Kf7 31.Ne2 Nb2 32.Ne1 Kg6 33.Bc1 Na4 34.Nf3 Kf7 35.Ke1 Ke8 36.Kd1 Kd7
37.Kc2 Ke8 38.Kd1 Kf8 39.Ke1 Kg8 40.Kd1 Kf7 41.Ke1 Na6 42.Kf1 Kg6 43.Kf2 Kh5
44.Kg2 Bf8 45.Ba3 Nb8 46.Bc1 Be7 47.Kf2 Nc6 48.Kf1  1/2-1/2

[Event "Trade Fair Open A"]
[Site "Brno CZE"]
[Date "2011.08.27"]
[Round "8"]
[White "Kuchynka,Luk"]
[Black "Dubina,P"]
[Result "1-0"]
[WhiteElo "2339"]
[BlackElo "2161"]

1.e4 e6 2.d4 d5 3.Nc3 Nf6 4.e5 Nfd7 5.Nce2 c5 6.f4 cxd4 7.Nxd4 Nc6 8.c3 Nxd4
9.cxd4 Bb4+ 10.Bd2 Bxd2+ 11.Qxd2 O-O 12.Bd3 f5 13.Ne2 Rf7 14.Rc1 Nf8 15.O-O Qb6
16.Rc5 Bd7 17.Rfc1 a5 18.Qc3 Bc6 19.Qb3 Qa7 20.Bb5 g5 21.Bxc6 bxc6 22.fxg5 Ng6
23.Rxc6 Nf4 24.Qe3 Nxe2+ 25.Qxe2 Qxd4+ 26.Qf2 Qxf2+ 27.Kxf2 Rb7 28.R1c2 Kf7
29.h4 Rab8 30.b3 Rb6 31.h5 Rxc6 32.Rxc6 a4 33.Rc7+ Kg8 34.h6 axb3 35.axb3 Rxb3
36.Rg7+ Kh8 37.Re7 Kg8 38.Rxe6 Kf7 39.Rf6+ Ke7 40.Rd6 Rb4 41.g3 Kf7 42.Kf3 Re4
43.g6+ hxg6 44.Rd8  1-0

[Event "18th Graz Open"]
[Site "Graz AUT"]
[Date "2011.08.28"]
[Round "2"]
[White "Schink,B"]
[Black "Spindelboeck,G"]
[Result "1-0"]
[WhiteElo "2040"]
[BlackElo "2235"]

1.e4 e6 2.d4 d5 3.Nc3 Nf6 4.e5 Nfd7 5.f4 c5 6.Nf3 Nc6 7.Be3 Qb6 8.Na4 Qa5+
9.c3 c4 10.b4 Qc7 11.Nc5 b6 12.Nxd7 Bxd7 13.Be2 b5 14.O-O a5 15.a3 Be7 16.Ng5 g6
17.Qb1 h6 18.Nh3 Kd8 19.Kh1 Bf8 20.g4 Qb7 21.Bf3 Ne7 22.Bf2 Kc7 23.Qc2 Bg7
24.Qe2 axb4 25.axb4 Rxa1 26.Rxa1 Ra8 27.Rxa8 Qxa8 28.Bh4 Nc8 29.Kg2 Qa1 30.Be1 Nb6
31.Nf2 Bf8 32.h4 Be7 33.Kg3 Qa3 34.Nd1 Bd8 35.Ne3 Na4 36.Qd2 Nb6 37.f5 Kc8
38.f6 Bc7 39.Nd1 Kb7 40.Qxh6 Na4 41.h5 gxh5 42.gxh5 Bc6 43.Qg5 Qa1 44.Bd2 Qb1
45.h6 Qc2 46.Qe3 Qg6+ 47.Kh4 Nb6 48.Bh5 Qh7 49.Nf2 Nd7 50.Qg5 Bd8 51.Kg3 Bc7
52.Kf3 Nxe5+ 53.dxe5 d4+ 54.Kg3 dxc3 55.Bxc3 Bb6 56.Bxf7 Qc2 57.Qd2 Qf5 58.Qf4 Bxf2+
59.Qxf2 Qd3+ 60.Kg4 Qxc3 61.h7 Qxe5 62.h8=Q Qe4+ 63.Kg5 Qe5+ 64.Kh6 c3 65.Bg6 Ka6
66.Qa2+  1-0

[Event "3rd Senica Open"]
[Site "Senica SVK"]
[Date "2011.08.28"]
[Round "9.22"]
[White "Valla,Tomas"]
[Black "Olvecky,Jaroslav"]
[Result "1/2-1/2"]
[WhiteElo "1846"]
[BlackElo "1865"]

1.e4 e6 2.d4 d5 3.Nc3 Nf6 4.e5 Nfd7 5.f4 c5 6.Nf3 Nc6 7.Be3 Qb6 8.Qd2 c4
9.Nd1 Qa5 10.c3 b5 11.Be2 Qc7 12.O-O Nb6 13.Nh4 Be7 14.Qe1 g6 15.Kh1 Bd7
16.Bf2 h5 17.Nf3 O-O-O 18.b3 Na5 19.Ne3 Kb8 20.Bh4 Bxh4 21.Nxh4 Rc8 22.b4 Nc6
23.Bd1 Na4 24.Bxa4 bxa4 25.Rf2 a6 26.Rb2 Na7 27.Qd1 Bb5 28.Rf2 Nc6 29.Qc2 Rcg8
30.Raf1 Qe7 31.Nf3 Nd8 32.Kg1 Ka7 33.Re1 Kb7 34.Kf1 Qd7 35.Ke2 Kb6 36.Kd2 Nc6
37.Kc1 Re8 38.g3 Ne7 39.h3 Rh6 40.Kb1 Rh7 41.Ka1 Reh8 42.Ree2 Qe8 43.Rh2 Nc6
44.g4 Nd8 45.f5 hxg4 46.hxg4 gxf5 47.gxf5 Qg8 48.Rxh7 Rxh7 49.Rg2 Qh8 50.Qf2 Bd7
51.f6  1/2-1/2

[Event "7th Dieppe Open A"]
[Site "Dieppe FRA"]
[Date "2011.08.30"]
[Round "3.8"]
[White "Guilleux,F"]
[Black "Zimmermann,L"]
[Result "1-0"]
[WhiteElo "2388"]
[BlackElo "2068"]

1.e4 e6 2.d4 d5 3.Nc3 Nf6 4.e5 Nfd7 5.f4 c5 6.Nf3 Nc6 7.Ne2 Qb6 8.c3 f6 9.a3 Be7
10.b4 cxb4 11.cxb4 a5 12.b5 Qxb5 13.Nc3 Qb6 14.Rb1 Qd8 15.Bd3 O-O 16.O-O f5
17.Qb3 Kh8 18.Be3 b6 19.Rfc1 Bb7 20.g3 Rb8 21.Nb5 h6 22.Rc2 Rc8 23.Nd6 Bxd6
24.exd6 Nf6 25.Qxb6 Qxb6 26.Rxb6 Ba8 27.Ne5 Nxe5 28.fxe5 Nd7 29.Rb5 a4 30.Rb4 Bc6
31.Kf2 Kg8 32.Ke2 Rfd8 33.Kd2 Kf7 34.Ba6 Ra8 35.Rxc6  1-0

[Event "TCh-POL Ekstraliga"]
[Site "Miedzybrodzie-Zywiec POL"]
[Date "2011.09.03"]
[Round "6.2"]
[White "Zawadzka,J"]
[Black "Schmidt,Wl"]
[Result "1/2-1/2"]
[WhiteElo "2400"]
[BlackElo "2396"]

1.e4 e6 2.d4 d5 3.Nc3 Nf6 4.e5 Nfd7 5.f4 c5 6.Nf3 Nc6 7.Be3 cxd4 8.Nxd4 Bc5
9.Qd2 O-O 10.O-O-O Bxd4 11.Bxd4 Qa5 12.Kb1 Rb8 13.Nb5 Qxd2 14.Rxd2 a6 15.Nc3 Nxd4
16.Rxd4 f6 17.exf6 Nxf6 18.g3 Bd7 19.Bg2 Kf7 20.Re1 Rfe8 21.Rd2 Bc6 22.Nd1 h6
23.Nf2 Bb5 24.Bf3 Rbd8 25.Rd4 a5 26.c3 g5 27.Ng4 Nxg4 28.Bxg4 Kf6 29.Kc2 e5
30.fxe5+ Rxe5 31.Rxe5 Kxe5 32.Bf3 Bc6 33.Kd2 Rd6 34.Ke3 Re6 35.Rd2 Kd6+ 36.Kd4 g4
37.Bg2 Re1 38.Rf2 Rd1+ 39.Ke3 Ke5  1/2-1/2

[Event "Yuzhny Open"]
[Site "Yuzhny UKR"]
[Date "2011.09.03"]
[Round "1.12"]
[White "Andreev,Vo"]
[Black "Mischuk,D"]
[Result "0-1"]
[WhiteElo "1946"]
[BlackElo "2301"]

1.e4 e6 2.d4 d5 3.Nc3 Nf6 4.e5 Nfd7 5.f4 c5 6.Nf3 Nc6 7.Be3 a6 8.a3 b5 9.Be2 Be7
10.O-O O-O 11.dxc5 Nxc5 12.b4 Nd7 13.Nd4 Bb7 14.Rf3 Rc8 15.Nxc6 Rxc6 16.Bd4 f6
17.Rh3 fxe5 18.fxe5 Rf7 19.Bd3 g6 20.Qg4 Nf8 21.Rf1 Rxf1+ 22.Kxf1 Bg5 23.Ne2 Rc7
24.Rf3 Rg7 25.Ke1 Bc8 26.Kd1 Bd7 27.Nf4 Be7 28.Ne2 a5 29.c3 axb4 30.cxb4 Be8
31.Bb2 Qc7 32.Nf4 Qb6 33.Ne2 Qb8 34.Qd4 g5 35.h3 Ng6 36.g3 Rf7 37.Rxf7 Bxf7
38.Qe3 Be8 39.Ng1 Nf8 40.Nf3 h6 41.g4 Ng6 42.h4 Nf4 43.hxg5 hxg5 44.Bc2 Qc7
45.Nd4 Qc4 46.Ne2 d4 47.Nxd4 Qf1+ 48.Qe1 Qg2 49.Ne2 Qxg4 50.Bb1 Bh5 51.Kc2 Nxe2
52.Qd2 Bg6+  0-1

[Event "InventiChess GM"]
[Site "Antwerp BEL"]
[Date "2011.09.04"]
[Round "2"]
[White "Arakhamia-Grant,K"]
[Black "Hovhanisian,M"]
[Result "1-0"]
[WhiteElo "2456"]
[BlackElo "2496"]

1.e4 e6 2.d4 d5 3.Nc3 Nf6 4.e5 Nfd7 5.f4 c5 6.Nf3 Nc6 7.Be3 Rb8 8.Qd2 Qa5
9.Bb5 a6 10.Be2 b5 11.O-O b4 12.Nd1 cxd4 13.Nxd4 Nxd4 14.Bxd4 Bc5 15.Ne3 Qb6
16.c3 O-O 17.Rf3 f5 18.Bd1 bxc3 19.bxc3 Qa5 20.Qf2 Bb6 21.Rh3 Qa3 22.Bc2 Bxd4
23.cxd4 Qb2 24.Rd1 Rf7 25.g4 Nf8 26.gxf5 exf5 27.Bb3 Rxb3 28.axb3 Qxb3 29.Rg3 Be6
30.Qc2 Qb6 31.Qd3 Ng6 32.Rb1 Qa7 33.Rf3 h6 34.Rf2 Kh7 35.Nc2 Rc7 36.Ne3 Rf7
37.Qc3 Rc7 38.Qb2 Rc6 39.Qd2 Qc7 40.Qd3 Rc3 41.Qd2 a5 42.Nd1 Rh3 43.Kg2 Ra3
44.Kh1 Qd8 45.Nc3 a4 46.Rg1 Nh4 47.Qc1 Qe7 48.Nb5 Rb3 49.Qc7 Qf8 50.Nd6 Nf3
51.Rxf3 Rxf3 52.Ne8 Bf7  1-0

[Event "VII Ugra Governor's Cup"]
[Site "Khanty-Mansiysk RUS"]
[Date "2011.09.04"]
[Round "5"]
[White "Ponkratov,P"]
[Black "Papayan,O"]
[Result "1-0"]
[WhiteElo "2593"]
[BlackElo "2285"]

1.e4 e6 2.d4 d5 3.Nc3 Nf6 4.e5 Nfd7 5.f4 c5 6.Nf3 Nc6 7.Be3 a6 8.Qd2 b5 9.Be2 Qb6
10.Nd1 cxd4 11.Nxd4 Bc5 12.c3 Bb7 13.O-O b4 14.Kh1 bxc3 15.bxc3 O-O 16.Nb2 Qa5
17.Qc2 Rac8 18.Nb3 Qa3 19.Bc1 Be7 20.Bd3 f5 21.Qe2 Na5 22.Nc4 Nxb3 23.Bxa3 Bxa3
24.axb3 dxc4 25.Bxc4  1-0

[Event "TCh-POL 1st League"]
[Site "Mrzezyno POL"]
[Date "2011.09.04"]
[Round "2"]
[White "Jaracz,P"]
[Black "Fraczek,Dan"]
[Result "1/2-1/2"]
[WhiteElo "2558"]
[BlackElo "2391"]

1.e4 e6 2.d4 d5 3.Nc3 Nf6 4.e5 Nfd7 5.f4 c5 6.Nf3 Nc6 7.Be3 cxd4 8.Nxd4 Bc5
9.Qd2 a6 10.g3 Nxd4 11.Bxd4 b5 12.Bg2 b4 13.Na4 Bxd4 14.Qxd4 a5 15.O-O Ba6
16.Rf2 Qc7 17.a3 Rb8 18.axb4 Rxb4 19.Qc3 Qa7 20.Bf1 O-O 21.Bxa6 Qxa6 22.Nc5 Nxc5
23.Qxc5 Rxb2 24.Rxa5 Qb6 25.Qxb6 Rxb6 26.c4 dxc4 27.Rc5 Rb4 28.Rc2 Ra8 29.R5xc4 Rxc4
30.Rxc4 g6 31.Rc2  1/2-1/2

[Event "InventiChess GM"]
[Site "Antwerp BEL"]
[Date "2011.09.05"]
[Round "3"]
[White "Edouard,R"]
[Black "Michiels,B"]
[Result "1-0"]
[WhiteElo "2608"]
[BlackElo "2501"]

1.e4 e6 2.d4 d5 3.Nc3 Nf6 4.e5 Nfd7 5.f4 c5 6.Nf3 Nc6 7.Be3 Qb6 8.Na4 Qa5+
9.c3 c4 10.b4 Qc7 11.g3 Be7 12.Bg2 f5 13.O-O Nf8 14.Rb1 b6 15.g4 fxg4 16.Nd2 Ng6
17.f5 exf5 18.Bxd5 Qd7 19.Bxc4 f4 20.Bxf4 Nxd4 21.Bg3 Ne6 22.Ne4 Rf8 23.Qe2 Qxa4
24.Bb5+ Qxb5 25.Qxb5+ Bd7 26.Qd5 Rd8 27.Nd6+ Bxd6 28.exd6 Rf6 29.Qh5 Kf7
30.Bh4 Kg8 31.Bxf6 Nef4 32.Qxg6  1-0

[Event "VII Ugra Governor's Cup"]
[Site "Khanty-Mansiysk RUS"]
[Date "2011.09.05"]
[Round "6"]
[White "Kokarev,Dm"]
[Black "Iskusnyh,S"]
[Result "1-0"]
[WhiteElo "2596"]
[BlackElo "2455"]

1.e4 e6 2.d4 d5 3.Nc3 Nf6 4.e5 Nfd7 5.f4 c5 6.Nf3 Nc6 7.Be3 Be7 8.Qd2 O-O
9.Be2 b6 10.O-O f5 11.h3 Bb7 12.Kh2 Kh8 13.Rad1 Rc8 14.Qc1 a6 15.Rg1 Qc7
16.Bf1 g5 17.fxg5 cxd4 18.Nxd4 Nxd4 19.Bxd4 Bc5 20.Ne2 Bxd4 21.Nxd4 Qxe5+
22.Kh1 Nc5 23.Nf3 Qg3 24.Be2 Ne4 25.Rgf1 e5 26.Kg1 Rg8 27.Rd3 Nxg5 28.Nxg5 Qxg5
29.Qxg5 Rxg5 30.h4 Rgg8 31.Rxf5 e4 32.Rc3 d4 33.Rc4 d3 34.cxd3 exd3 35.Bxd3 Rxg2+
36.Kf1 Rcg8 37.Rc7 R2g7 38.Rxg7 Kxg7 39.Rg5+ Kh8 40.Rh5 Rf8+ 41.Kg1 Rg8+
42.Kf2 Rg7 43.Rh6 b5 44.Ke3 b4 45.Rb6 a5 46.h5 Bd5 47.b3 Re7+ 48.Kd4 Rd7
49.Ke3 Re7+ 50.Kf4 Bf7 51.h6 Bg6 52.Bc4 Re4+ 53.Kg3 Re8 54.Ra6 Bb1 55.Rxa5 Rf8
56.Bd5 Rd8 57.Kf4 Re8 58.Ra4 Rf8+ 59.Ke5 Re8+ 60.Kd4 Rd8 61.Kc5 Rb8 62.Bc4 Bc2
63.Bb5  1-0

[Event "TCh-POL 1st League"]
[Site "Mrzezyno POL"]
[Date "2011.09.05"]
[Round "3"]
[White "Wlodarczyk,O"]
[Black "Wypych,D"]
[Result "1-0"]
[WhiteElo "2274"]
[BlackElo "2097"]

1.e4 e6 2.d4 d5 3.Nc3 Nf6 4.e5 Nfd7 5.f4 c5 6.Nf3 Nc6 7.Be3 a6 8.Qd2 b5 9.dxc5 Bxc5
10.Bxc5 Nxc5 11.Nd4 Bb7 12.Nce2 Ne4 13.Qe3 Qb6 14.g3 Rc8 15.Bg2 Nxd4 16.Nxd4 O-O
17.O-O Rc4 18.Rad1 Qc5 19.Rd3 Qb4 20.b3 Rc7 21.f5 exf5 22.Nxf5 Rxc2 23.Rd4 Qc3
24.Rxe4 dxe4 25.Qg5 g6 26.Ne7+ Kg7 27.Qf6+ Kh6 28.Nf5+  1-0

[Event "Yuzhny Open"]
[Site "Yuzhny UKR"]
[Date "2011.09.05"]
[Round "5.25"]
[White "Andreev,Vo"]
[Black "Aliferenko,A"]
[Result "0-1"]
[WhiteElo "1946"]
[BlackElo "2220"]

1.e4 e6 2.d4 d5 3.Nc3 Nf6 4.e5 Nfd7 5.f4 c5 6.Nf3 Nc6 7.Be3 cxd4 8.Nxd4 Qb6
9.a3 Nxd4 10.Bxd4 Bc5 11.Na4 Qa5+ 12.c3 Bxd4 13.Qxd4 O-O 14.Qb4 Qc7 15.Bb5 b6
16.Qd4 Nc5 17.Nxc5 bxc5 18.Qd2 Rb8 19.Bd3 Qb6 20.b4 Ba6 21.Bxa6 Qxa6 22.Qe2 Qb6
23.Qf2 a5 24.Qxc5 Qa6 25.Kd2 Rfc8 26.Qe3 Rc4 27.g3 Qc6 28.Rhc1 Rc8 29.Qf3 h6  0-1

[Event "InventiChess GM"]
[Site "Antwerp BEL"]
[Date "2011.09.06"]
[Round "4.5"]
[White "Edouard,R"]
[Black "Hovhanisian,M"]
[Result "1-0"]
[WhiteElo "2608"]
[BlackElo "2496"]

1.e4 e6 2.d4 d5 3.Nc3 Nf6 4.e5 Nfd7 5.f4 c5 6.Nf3 Nc6 7.Be3 Qb6 8.Na4 Qa5+
9.c3 cxd4 10.b4 Nxb4 11.cxb4 Bxb4+ 12.Bd2 Bxd2+ 13.Nxd2 O-O 14.Bd3 b5 15.Nb2 Nb6
16.O-O Nc4 17.Nbxc4 bxc4 18.Bxh7+ Kxh7 19.Qh5+ Kg8 20.Nf3 g6 21.Qh6 Qc7 22.Nh4 d3
23.Rf3 Re8 24.Nxg6 fxg6 25.Rg3 Qh7 26.Rxg6+ Kh8 27.Qg5 Rf8 28.Rh6 Rb8 29.Rxh7+ Kxh7
30.Qh5+ Kg7 31.Qg5+ Kh7 32.f5 Rxf5 33.Qe7+ Kg6 34.Qc7 Ra8 35.Rb1 Rf7 36.Qc6 d2
37.Qa4 Bd7 38.Qc2+ Kg7 39.Qxd2 Rc8 40.Rc1 Kg8 41.Rc3 Rcf8 42.Rg3+ Rg7 43.Rh3 Be8
44.Qh6 Bg6 45.Rg3 Kf7 46.h4 Rfg8 47.h5 Bf5 48.Qf6+  1-0

[Event "FSIM September"]
[Site "Budapest HUN"]
[Date "2011.09.06"]
[Round "4"]
[White "Szalanczy,E"]
[Black "Horvath,Dav"]
[Result "1/2-1/2"]
[WhiteElo "2347"]
[BlackElo "2349"]

1.e4 e6 2.d4 d5 3.Nc3 Nf6 4.e5 Nfd7 5.f4 c5 6.Nf3 Nc6 7.Be3 Qb6 8.a3 a6 9.Be2 cxd4
10.Nxd4 Bc5 11.Na4 Qa5+ 12.c3 Bxd4 13.Bxd4 Nxd4 14.Qxd4 Qc7 15.b4 O-O 16.O-O b5
17.Nb2 Bb7 18.a4 bxa4 19.Nxa4 Rfc8 20.Rfb1 g6 21.Ra3 Bc6 22.Nb2 Bb5 23.Kf2 Bxe2
24.Kxe2 a5 25.Rba1 Rab8 26.Rxa5 Qxc3 27.Qxc3 Rxc3 28.Kd2 Rbc8 29.Ra8 g5 30.g3 Kg7
31.Rxc8 Rxc8 32.Nd3 Kg6 33.Ra7 Rd8 34.Rb7 gxf4 35.gxf4 Kf5 36.Ke3 d4+ 37.Kf3 f6
38.exf6 Nxf6 39.Rf7 Ra8 40.h3 Ra3 41.Ke2 h5 42.h4 e5 43.fxe5 Ke4 44.exf6 Ra2+
45.Kf1 Kxd3 46.Re7 Ra6 47.f7 Rf6+ 48.Ke1 Kc4 49.Rb7 Rf5 50.b5 Rf4 51.Ke2 Kb4
52.Kd2 Kc4 53.Kd1 Rf1+ 54.Ke2 Rf4 55.Ke1 Kb4 56.Kd2 Kc4 57.Ke2 Kb4 58.Kd3 Kc5
59.Re7 Kxb5 60.Re5+ Kc6 61.Rxh5 Rxf7 62.Kxd4 Kd6 63.Rh6+ Ke7 64.Ke5 Kf8 65.Ra6  1/2-1/2